مكتبة جامعة عجلون الوطنية

فهرس بحث المكتبة

مرحلة المفاوضات التعاقدية والمسؤولية المدنية الناشئة عنها = The Stage of contractual Negotiations And it's Civil Responsibility / (Record no. 33658)

MARC details
000 -LEADER
fixed length control field 00986nam a22001937a 4500
003 - CONTROL NUMBER IDENTIFIER
control field JO-AjAnu
005 - DATE AND TIME OF LATEST TRANSACTION
control field 20240908134453.0
008 - FIXED-LENGTH DATA ELEMENTS--GENERAL INFORMATION
fixed length control field 240908b jo ||||| |||| 00| 0 ara d
040 ## - CATALOGING SOURCE
Original cataloging agency JO-AjAnu
Transcribing agency JO-AjAnu
041 ## - LANGUAGE CODE
Language code of text/sound track or separate title ARA
100 #1 - MAIN ENTRY--PERSONAL NAME
Personal name خمايسة، محمد خليفة سرور
9 (RLIN) 66159
Relator term معد
245 10 - TITLE STATEMENT
Title مرحلة المفاوضات التعاقدية والمسؤولية المدنية الناشئة عنها = The Stage of contractual Negotiations And it's Civil Responsibility /
Statement of responsibility, etc. اعداد محمد خليفة سرور خمايسة ؛ إشراف عيسى الصمادي
260 ## - PUBLICATION, DISTRIBUTION, ETC.
Date of publication, distribution, etc. 2024
300 ## - PHYSICAL DESCRIPTION
Extent 136 ورقة
500 ## - GENERAL NOTE
General note رسالة جامعية ( رسالة ماجستير ) - جامعة عجلون الوطنية (عجلون، الاردن)، كلية الآداب ، تخصص القانون، 2024.
650 70 - SUBJECT ADDED ENTRY--TOPICAL TERM
Topical term or geographic name entry element العقود - قانون مدني- الاردن
9 (RLIN) 66160
700 #1 - ADDED ENTRY--PERSONAL NAME
Personal name الصمادي، عيسى
9 (RLIN) 66161
Relator term مشرف
942 ## - ADDED ENTRY ELEMENTS (KOHA)
Source of classification or shelving scheme Library of Congress Classification
Koha item type Thesis
Suppress in OPAC No
Holdings
Withdrawn status Lost status Source of classification or shelving scheme Damaged status Not for loan Home library Current library Date acquired Total Checkouts Full call number Barcode Date last seen Price effective from Koha item type
    Library of Congress Classification     مكتبة جامعة عجلون الوطنية مكتبة جامعة عجلون الوطنية 08/09/2024   KMM87.6 2024 A30005 08/09/2024 08/09/2024 Thesis
    Library of Congress Classification     مكتبة جامعة عجلون الوطنية مكتبة جامعة عجلون الوطنية 08/09/2024   KMM87.6 2024 A30004 08/09/2024 08/09/2024 Thesis